000 00660nam a2200205 u 4500
005 20210223131303.0
008 100518s2004 r 000 0 eng d
020 _a8421831763
035 _aUPN01000175932
049 _aI
050 4 _aPZ76.3
_bR3.2
100 1 _aRamoneda, Luis
245 1 4 _aLas aventuras del comisario Cattus /
_cLuis Ramoneda ; il. Eulalia Pallarés.
260 _aBarcelona, Esp. :
_bCasals,
_c2004.
300 _a132 p. :
_bil.
440 0 _aPunto juvenil ;
_v70.
_pA partir de 9 años
650 4 _aGATOS -
_vLITERATURA INFANTIL
_910191
650 4 _aHISTORIAS DE DETECTIVES Y MISTERIO -
_vLITERATURA JUVENIL
_911866
905 _aLibro
999 _c148035
_d148035